Let the spirit speak to the churches : (Record no. 43011)

MARC details
000 -LEADER
fixed length control field 00910nam a22002057a 4500
008 - FIXED-LENGTH DATA ELEMENTS--GENERAL INFORMATION
fixed length control field 140206b xxu||||| |||| 00| 0 eng d
020 ## - INTERNATIONAL STANDARD BOOK NUMBER
International Standard Book Number 282540988X
050 ## - LIBRARY OF CONGRESS CALL NUMBER
Classification number BX6 .W77
Item number L47 1990
245 ## - TITLE STATEMENT
Title Let the spirit speak to the churches :
Remainder of title a guide for the study of the theme and the issues
Statement of responsibility, etc World Council of Churches, Seventh Assembly, 1991.
260 ## - PUBLICATION, DISTRIBUTION, ETC. (IMPRINT)
Place of publication, distribution, etc Geneva,
Name of publisher, distributor, etc WCC Publications
Date of publication, distribution, etc 1990
300 ## - PHYSICAL DESCRIPTION
Extent xi, 25 p. ;
Other physical details ill ;
Dimensions 22 cm.
500 ## - GENERAL NOTE
General note "February 7-20, Canberra, Australia"--P. 4 of cover.
500 ## - GENERAL NOTE
General note Booklet provides a shorter version of papers on themes designed for churches and groups.
520 ## - SUMMARY, ETC.
Summary, etc Atonement
610 ## - SUBJECT ADDED ENTRY--CORPORATE NAME
Source of heading or term World Council of Churches.
Subordinate unit Assembly|n(7th :
Location of meeting Canberra, A.C.T.
Date of meeting or treaty signing 1991
650 ## - SUBJECT ADDED ENTRY--TOPICAL TERM
Topical term or geographic name as entry element Christian union
Form subdivision Congresses
650 ## - SUBJECT ADDED ENTRY--TOPICAL TERM
Topical term or geographic name as entry element Holy Spirit
Form subdivision Congresses.
710 ## - ADDED ENTRY--CORPORATE NAME
Corporate name or jurisdiction name as entry element World Council of Churches.
Subordinate unit Assembly
Location of meeting Canberra, A.C.T.
Date of meeting or treaty signing 1991 :
942 ## - ADDED ENTRY ELEMENTS (KOHA)
Source of classification or shelving scheme Library of Congress Classification
Item type Book
Holdings
Withdrawn status Lost status Source of classification or shelving scheme Damaged status Not for loan Home library Current library Date acquired Total Checkouts Full call number Barcode Date last borrowed Copy number Price effective from Koha item type
    Library of Congress Classification     Bishop Okullu Memorial Library (Limuru Campus) Bishop Okullu Memorial Library (Limuru Campus) 06/02/2014 1 BX6 .W77 L47 1990 038401 30/04/2014 1 06/02/2014 Book